000 00789nam a2200313Ia 4500
008 160803s9999 xx 000 0 und d
020 _a0 439288274
100 _aHenkes, Kevin
245 _aWemberly worried /
245 _cKevin Henkes.
260 _aNew York :
260 _bScholastic Inc.
260 _c2000
300 _a30 unnumbered pages :
300 _bcolor illustrations ;
300 _c26 cm
500 _aOriginally published: New York : Greenwillow Books, c2000.
650 _aFirst day of school --
650 _aMice --
650 _aNursery schools --
650 _aSchools --
650 _aWorry --
650 _xFiction.
650 _xFiction.
650 _xFiction.
650 _xFiction.
650 _xFiction.
700 _a170
999 _c298876
_d298876